• 首页
  • 本馆介绍
  • 公告通知
  • 最新文献
  • 馆藏检索
  • 电子资源
  • 读者导购
  • 参考咨询
  • 我的图书馆
  • 登录
  • 详细信息显示
  • 放入我的书架
  • 预约/预借图书
  • 作者相关作品
  • 分类相关作品
  • 丛书相关作品
  • 出版社相关作品

书目信息

  • 表格格式
  • 工作单格式
  • 卡片格式
题名:
职业体育俱乐部文化再造理论与方法
    
 
作者: 杜梅 著
分册:  
出版信息: 上海   中西书局  2020.6
页数: 239页
开本: 24cm
丛书名:
单 册:
中图分类: G812.17
科图分类:
主题词: 职业体育--俱乐部--体育文化--研究--中国
电子资源:
ISBN: 978-7-5475-1586-0
000 01157nam0 2200265 45
001 012001004148
005 20141014141746.0
010    @a978-7-5475-1586-0@dCNY65.00
100    @a20200901d2020 em y0chiy0110 ea
101 0  @achi
102    @aCN@b310000
105    @ay z 000yy
106    @ar
200 1  @a职业体育俱乐部文化再造理论与方法@Azhi ye ti yu ju le bu wen hua zai zao li lun yu fang fa@dCultural reengineering of professional sports clubs: theories and methods@f杜梅著@zeng
210    @a上海@c中西书局@d2020.6
215    @a239页@d24cm
300    @a国家社科基金后期资助项目
300    @a并列题名:Cultural reengineering of professional sports clubs: theories and methods
330    @a本书共分为八章,从文化建设的角度出发,以企业文化与再造理论为基础,对我国职业体育俱乐部的组织再造、制度再造、人力资源再造、理念系统再造和形象再造进行理论与方法的研究探讨。
510 1  @aCultural reengineering of professional sports clubs: theories and methods@zeng
606 0  @a职业体育@x俱乐部@x体育文化@x研究@y中国
690    @aG812.17@v5
701  0 @a杜梅@Adu mei@c(体育)@4著
801    @aCN@bAHXH@c20210922
905    @b1329635-9@dG812.17@e162@f5
    
    职业体育俱乐部文化再造理论与方法=Cultural reengineering of professional sports clubs: theories and methods/杜梅著.-上海:中西书局,2020.6
    239页;24cm
    国家社科基金后期资助项目.-并列题名:Cultural reengineering of professional sports clubs: theories and methods
    
    ISBN 978-7-5475-1586-0:CNY65.00
    本书共分为八章,从文化建设的角度出发,以企业文化与再造理论为基础,对我国职业体育俱乐部的组织再造、制度再造、人力资源再造、理念系统再造和形象再造进行理论与方法的研究探讨。
●
相关链接 在E读中查询图书 在五车中查询图书 在当当中查询图书 在豆瓣中查询图书


正题名:职业体育俱乐部文化再造理论与方法     索取号:G812.17/162         预约/预借

序号 登录号 条形码 馆藏地/架位号 状态 备注
1 1329635   213296351   第一样本阅览室/ [索取号:G812.17/162] 在馆    
2 1329636   213296360   教育系资料室/ [索取号:G812.17/162] 在馆    
3 1329637   213296379   教育系资料室/ [索取号:G812.17/162] 在馆    
4 1329638   213296388   第四借阅区/ [索取号:G812.17/162] 在馆    
5 1329639   213296397   第四借阅区/ [索取号:G812.17/162] 在馆    
唐山师范学院图书馆 欢迎您!
大连网信软件有限公司© 版权所有